Public rights of way and access to land (Record no. 100969)

MARC details
000 -LEADER
fixed length control field 01068cam a2200289 4500
008 - FIXED-LENGTH DATA ELEMENTS--GENERAL INFORMATION
fixed length control field 000000n2001 000 0 eng u
020 ## - INTERNATIONAL STANDARD BOOK NUMBER
International Standard Book Number 0853085706
035 ## - SYSTEM CONTROL NUMBER
System control number (Sirsi) u109665
050 ## - LIBRARY OF CONGRESS CALL NUMBER
Classification number 346.410435
100 ## - MAIN ENTRY--PERSONAL NAME
Personal name Sydenham, Angela
245 ## - TITLE STATEMENT
Title Public rights of way and access to land
260 ## - PUBLICATION, DISTRIBUTION, ETC.
Place of publication, distribution, etc. Bristol
Name of publisher, distributor, etc. Jordans
Date of publication, distribution, etc. 2001
300 ## - PHYSICAL DESCRIPTION
Extent xliv,531p. ; 25cm.
350 ## - PRICE (NR) (BK AM CF MU VM SE) [OBSOLETE]
Price 40.00
520 ## - SUMMARY, ETC.
Summary, etc. Sets out the law relating to public rights of way as it has been amended by the Countryside and Rights of Way Act 2000, including creation, extinguishment and diversion, definitive maps and statements, maintenance of highways and management issues.
520 ## - SUMMARY, ETC.
Summary, etc. Superseded by second edition (ISBN 085308842X).
650 ## - SUBJECT ADDED ENTRY--TOPICAL TERM
Topical term or geographic name entry element PUBLIC HIGHWAYS
650 ## - SUBJECT ADDED ENTRY--TOPICAL TERM
Topical term or geographic name entry element RIGHTS OF WAY
650 ## - SUBJECT ADDED ENTRY--TOPICAL TERM
Topical term or geographic name entry element DIVERSION ORDERS
650 ## - SUBJECT ADDED ENTRY--TOPICAL TERM
Topical term or geographic name entry element EXTINGUISHMENT ORDERS
650 ## - SUBJECT ADDED ENTRY--TOPICAL TERM
Topical term or geographic name entry element ACCESS LAND
650 ## - SUBJECT ADDED ENTRY--TOPICAL TERM
Topical term or geographic name entry element COUNTRYSIDE AND RIGHTS OF WAY ACT 2000
650 ## - SUBJECT ADDED ENTRY--TOPICAL TERM
Topical term or geographic name entry element HIGHWAYS ACT 1980
650 ## - SUBJECT ADDED ENTRY--TOPICAL TERM
Topical term or geographic name entry element WILDLIFE AND COUNTRYSIDE ACT 1981
690 ## - LOCAL SUBJECT ADDED ENTRY--TOPICAL TERM (OCLC, RLIN)
Topical term or geographic name as entry element Boundary disputes
9 (RLIN) 6221
942 ## - ADDED ENTRY ELEMENTS (KOHA)
Suppress in OPAC 0
Holdings
Withdrawn status Lost status Source of classification or shelving scheme Damaged status Not for loan Home library Current library Shelving location Date acquired Cost, normal purchase price Total Checkouts Full call number Barcode Date last seen Date last checked out Copy number Cost, replacement price Price effective from Koha item type
    Dewey Decimal Classification     London London Basement 28/06/2001 40.00 11 SHELF 329 30064514 06/08/2019 23/06/2003 1 40.00 06/08/2019 Book